000 00320nam a2200133Ia 4500
008 191201s1998 xx 000 0 und d
082 _a677.21
_bVIW
100 _aVICKERMAN, C
245 0 _aWoollen Spinning
260 _aN.Delhi
_bAbhishek Publications
_c1998
300 _a352
650 _aB.Tech(TE)
942 _2ddc
_cBK
999 _c2323
_d2323